|
|
|
|
| LEADER |
00917aam a22002658a 4500 |
| 001 |
00043705 |
| 005 |
20190307090331.0 |
| 008 |
140604s2013 ||||||viesd |
| 020 |
# |
# |
|c 0
|a 978 604 907 124 9
|
| 041 |
0 |
# |
|a vie
|
| 082 |
1 |
# |
|a 394.109 597 17
|b V115H
|
| 100 |
1 |
# |
|a Nguyễn, Thị Minh Tú
|
| 245 |
1 |
0 |
|c Nguyễn Thị Minh Tú
|a Văn hóa ẩm thực của người Lào ở Lai Châu
|
| 260 |
# |
# |
|a Hà Nội
|b Sân Khấu
|c 2017
|
| 300 |
# |
# |
|a 263 tr.
|c 21 cm.
|
| 500 |
# |
# |
|a ĐTTS ghi: Hội văn nghệ dân gian Việt Nam
|
| 653 |
# |
# |
|a Lai Châu
|
| 653 |
# |
# |
|a Người Lao
|
| 653 |
# |
# |
|a Việt Nam
|
| 653 |
# |
# |
|a Văn hóa dân gian
|
| 653 |
# |
# |
|a Ẩm thực
|
| 710 |
# |
# |
|a Hội văn nghệ dân gian Việt Nam
|
| 852 |
# |
# |
|j KD.0025599
|
| 910 |
0 |
# |
|d 7/3/2019
|
| 980 |
# |
# |
|a Trung tâm Học liệu Lê Vũ Hùng, Trường Đại học Đồng Tháp
|